| 000 | 00984nam a22002657a 4500 | ||
|---|---|---|---|
| 005 | 20090604121436.0 | ||
| 008 | 090216t xxu||||| |||| 00| 0 eng d | ||
| 010 | _aENG-93877 | ||
| 020 |
_a9788180940705 _c190.00 |
||
| 035 | _aEN-77410 | ||
| 037 | _bDBAD / PUB | ||
| 040 |
_adpl _bEnglish |
||
| 082 | _a572.80285 | ||
| 100 | _aHepsyba, S. Gladis Helen | ||
| 245 |
_aBasic bioinformatics / _cby S. Gladis Helen Hepsyba [and] C.R. Hemalatha |
||
| 260 |
_aChennai _bMJP Publishers _c2009 |
||
| 270 |
_a47, Nallathambi Street, Triplicane, _bChennai _e600005 |
||
| 300 |
_avii, 231p. _c22cm(pbk) |
||
| 500 | _aIncludes glossary and index | ||
| 650 | _aBioinformatics | ||
| 700 | _aHemalatha, C.R. | ||
| 942 |
_2ddc _cEN _mHEP _h572.80285 |
||
| 999 |
_c27208 _d27208 |
||